[Event "AUTO-OPEN-4628"]
[Site "http://www.queenalice.com/game.php?id=1866554"]
[Date "2025.12.4"]
[Round "1"]
[White "maurice916"]
[Black "Takeda"]
[Result "0-1"]
[WhiteElo "1913"]
[BlackElo "2095"]

1. Nf3 g6 2. d4 Bg7 3. c4 d6 4. Nc3 Nf6 5. e4 O-O 6. Be2 c5 7. O-O cxd4 8. Nxd4
Qb6 9. Na4 Qc7 10. b3 Nxe4 11. Bb2 Nc5 12. Nb5 Qc6 13. Bxg7 Kxg7 14. Bf3 Qd7 15.
Nd4 Nxa4 16. bxa4 Nc6 17. Nxc6 bxc6 18. Rb1 Ba6 19. Be2 Rab8 20. Rb3 Qe6 21. Qc2
d5 22. cxd5 cxd5 23. Qc3+ f6 24. Rxb8 Rxb8 25. Bxa6 Qxa6 26. Qd4 Rd8 27. Re1 e5
28. Qc5 Rd7 29. h3 Qxa4 30. a3 d4 31. Rc1 d3 32. Qc8 d2 33. Rc4 d1=Q+ 34. Kh2
Qxa3 35. Qe8 Qad6 36. Rc8 Rd8 0-1

[Event "AUTO-OPEN-4628"]
[Site "http://www.queenalice.com/game.php?id=1866555"]
[Date "2025.12.4"]
[Round "1"]
[White "Takeda"]
[Black "maurice916"]
[Result "1-0"]
[WhiteElo "2142"]
[BlackElo "1830"]

1. e4 c6 2. d4 d5 3. Nd2 dxe4 4. Nxe4 Nf6 5. Nxf6+ exf6 6. Nf3 Bg4 7. Be2 Bd6 8.
O-O O-O 9. h3 Bh5 10. c3 Nd7 11. Re1 Re8 12. Be3 Nf8 13. Qb3 Rb8 14. Nh4 Bxe2
15. Rxe2 Bc7 16. Rae1 Qd6 17. g3 Ng6 18. Nf5 Qd7 19. Qc2 Rbd8 20. h4 h5 21. Bc1
Rxe2 22. Rxe2 Re8 23. Ne3 Qh3 24. Ng2 Rxe2 25. Qxe2 Bxg3 26. fxg3 Qxg3 27. Qf2
Qd3 28. a3 Qd1+ 29. Qf1 Qg4 30. Qf2 Qd1+ 31. Qe1 Qxe1+ 32. Nxe1 Nxh4 33. Kf2 g5
34. Nd3 Nf5 35. Nc5 b6 36. Ne4 Kg7 37. a4 g4 38. Bf4 Kg6 39. Bb8 a6 40. Bc7 b5
41. axb5 axb5 42. Bd8 h4 43. Nxf6 g3+ 44. Kg2 Ne3+ 45. Kg1 h3 46. Ne4 g2 47. Nf2
f6 48. Nxh3 Kf5 49. Bc7 Kg4 50. Nf4 f5 51. b3 Nd1 52. c4 bxc4 53. bxc4 Ne3 54.
c5 Kf3 55. d5 cxd5 56. Bd6 d4 57. c6 Nc4 58. Bc5 Kxf4 59. c7 d3 60. c8=Q d2 61.
Qd7 Kg3 62. Bb4 f4 63. Bxd2 f3 64. Be1+ Kf4 65. Qd4+ 1-0

[Event "AUTO-OPEN-4628"]
[Site "http://www.queenalice.com/game.php?id=1866578"]
[Date "2025.12.4"]
[Round "1"]
[White "chessman"]
[Black "Takeda"]
[Result "0-1"]
[WhiteElo "2095"]
[BlackElo "2071"]

1. e4 g6 2. Bc4 Bg7 3. d4 d6 4. Nf3 Nf6 5. O-O O-O 6. Bb3 Bg4 7. Re1 Nbd7 8. c3
c5 9. Nbd2 Rc8 10. Bc2 cxd4 11. cxd4 Qb6 12. h3 Bxf3 13. Nxf3 Rc7 14. Bb3 Rfc8
15. Bg5 a5 16. Qe2 e6 17. a3 Qxb3 18. Bc1 Nb6 19. Nd2 Qa4 20. Nf3 Nbd7 21. Qe3
d5 22. e5 Ne4 23. Nd2 Nxd2 24. Bxd2 Rc2 25. Rec1 Nb6 26. Rxc2 Qxc2 27. Bc3 Nc4
28. Rc1 Nxe3 0-1

[Event "AUTO-OPEN-4628"]
[Site "http://www.queenalice.com/game.php?id=1866579"]
[Date "2025.12.4"]
[Round "1"]
[White "Takeda"]
[Black "chessman"]
[Result "1-0"]
[WhiteElo "2109"]
[BlackElo "2105"]

1. e4 e6 2. d4 d5 3. Nd2 dxe4 4. Nxe4 Nf6 5. Bg5 Be7 6. Nxf6+ Bxf6 7. Bxf6 Qxf6
8. Nf3 c5 9. Bb5+ Bd7 10. Bxd7+ Nxd7 11. d5 exd5 12. Qxd5 Qe6+ 13. Qxe6+ fxe6
14. O-O-O Nf6 15. Rhe1 Ke7 16. Ng5 Rad8 17. Rxe6+ 1-0

[Event "AUTO-OPEN-4628"]
[Site "http://www.queenalice.com/game.php?id=1866594"]
[Date "2025.12.4"]
[Round "1"]
[White "Takeda"]
[Black "Magnaroc"]
[Result "0-1"]
[WhiteElo "2088"]
[BlackElo "1723"]

1. e4 e5 2. Nf3 Nc6 3. Bb5 Nf6 4. O-O d6 5. h3 Bd7 6. Nc3 a6 7. Ba4 Be7 8. d4
exd4 9. Nxd4 Nxd4 10. Qxd4 O-O 11. f4 b6 12. e5 dxe5 13. Qxe5 Re8 14. Kh1 Bb4
15. Qd4 Bxc3 16. bxc3 Re4 17. Qd3 Rxa4 18. c4 Rxc4 19. Qxc4 Bb5 20. Qc3 Bxf1 21.
Bb2 Bb5 22. Qf3 Qd5 23. Qg3 Nh5 24. Qg4 Bd7 25. Qh4 Bc6 26. Qg4 f5 27. Qg5 h6
0-1

[Event "AUTO-OPEN-4628"]
[Site "http://www.queenalice.com/game.php?id=1866595"]
[Date "2025.12.4"]
[Round "1"]
[White "Magnaroc"]
[Black "Takeda"]
[Result "0-1"]
[WhiteElo "1703"]
[BlackElo "2069"]

1. e4 g6 2. d4 Bg7 3. Nf3 d6 4. Be2 Nf6 5. Nc3 O-O 6. O-O c5 7. dxc5 dxc5 8.
Qxd8 Rxd8 9. Nd5 Nxd5 10. exd5 Rxd5 11. c3 Nc6 12. Bc4 Rd8 13. Ng5 Ne5 14. Bb3
c4 15. Bc2 h6 16. Ne4 Bf5 17. Bf4 Nd3 18. Bxd3 cxd3 19. Nd2 e5 20. Bg3 h5 21.
Rfe1 Bh6 22. Nc4 d2 23. Red1 Bc2 24. Bxe5 Re8 25. Bd4 Bxd1 0-1

[Event "AUTO-ADV-4895"]
[Site "http://www.queenalice.com/game.php?id=1867295"]
[Date "2025.12.19"]
[Round "2"]
[White "Takeda"]
[Black "chessman"]
[Result "1-0"]
[WhiteElo "2145"]
[BlackElo "2004"]

1. e4 e6 2. d4 d5 3. Nd2 dxe4 4. Nxe4 Nd7 5. Nf3 Ngf6 6. Ng3 Be7 7. Bc4 O-O 8.
O-O Nb6 9. Bd3 Nbd5 10. Bd2 a6 11. c4 Nb6 12. a4 Bd7 13. a5 Nc8 14. b4 Bc6 15.
Bc3 Re8 16. b5 axb5 17. cxb5 Bd5 18. a6 bxa6 19. bxa6 Nd6 20. Qc2 h6 21. Rfb1 c6
22. Ne5 Qc7 23. Ba5 Qc8 24. Rc1 Nb5 25. Nxc6 Bxc6 26. Qxc6 Qxc6 27. Rxc6 Nxd4
28. Rc7 Nd5 29. Rd7 Nc6 30. Be4 Nxa5 31. Rxa5 Bb4 32. Ra4 Bf8 33. Bxd5 exd5 34.
Rxd5 Re1+ 35. Nf1 Rc1 36. g3 f6 37. Kg2 Rc2 38. Ne3 Rb2 39. Nc4 Rc2 40. a7 Kh7
41. Nb6 1-0

[Event "AUTO-ADV-4895"]
[Site "http://www.queenalice.com/game.php?id=1867296"]
[Date "2025.12.19"]
[Round "2"]
[White "chessman"]
[Black "Takeda"]
[Result "0-1"]
[WhiteElo "2011"]
[BlackElo "2153"]

1. e4 g6 2. d4 Bg7 3. Nf3 d6 4. Bd3 Nf6 5. c3 O-O 6. O-O Bg4 7. h3 Bd7 8. Re1 c5
9. Qe2 cxd4 10. cxd4 a6 11. Nc3 Nc6 12. Bg5 Rc8 13. a3 Qb6 14. d5 Nd4 15. Nxd4
Qxd4 16. Be3 Qe5 17. f4 Qh5 18. Qf2 Bxh3 19. gxh3 Qxh3 20. Qg2 Qxg2+ 21. Kxg2
Ng4 22. Bd2 h5 23. Be2 f5 24. Bxg4 fxg4 25. Rf1 Rc4 26. Rae1 b5 27. Kg3 b4 28.
axb4 Rxb4 29. Rb1 Rfb8 30. Rfc1 Bxc3 31. Bxc3 Rxe4 32. Re1 Rxe1 33. Bxe1 Kf7 34.
Bc3 e6 35. dxe6+ Kxe6 36. Ra1 Rb6 37. Ra5 d5 38. Kh4 Rd6 39. Be5 Rb6 40. Rc5 Rb5
41. Rxb5 axb5 42. b4 Kf5 43. Kg3 g5 0-1

[Event "AUTO-ADV-4895"]
[Site "http://www.queenalice.com/game.php?id=1867297"]
[Date "2025.12.19"]
[Round "2"]
[White "Takeda"]
[Black "Daniel1962"]
[Result "1-0"]
[WhiteElo "2106"]
[BlackElo "1787"]

1. e4 e6 2. Nf3 Bc5 3. Bc4 Qf6 4. e5 Qg6 5. O-O Nc6 6. Re1 d5 7. exd6 Bxd6 8. d4
Na5 9. Bd3 Qh5 10. Bd2 Nf6 11. d5 Qxd5 12. Nc3 Qh5 13. h3 g5 14. Bxg5 Be7 15.
Nb5 Nd5 16. Bxe7 Kxe7 17. c4 Nf4 18. Qa4 Nxd3 19. Qa3+ Nc5 20. Qxa5 b6 21. Qa3
Kd7 22. Rad1+ Kc6 23. Re5 Qg6 24. Rxc5+ bxc5 25. Ne5+ 1-0

[Event "AUTO-ADV-4895"]
[Site "http://www.queenalice.com/game.php?id=1867298"]
[Date "2025.12.19"]
[Round "2"]
[White "Daniel1962"]
[Black "Takeda"]
[Result "0-1"]
[WhiteElo "1790"]
[BlackElo "2103"]

1. d4 g6 2. e4 Bg7 3. e5 d6 4. Nf3 dxe5 5. Bc4 exd4 6. Nxd4 Qxd4 7. Qxd4 Bxd4 8.
O-O Bf5 9. Bf4 Bxb2 10. Bd5 c6 11. Bb3 Bxa1 12. Bd2 Bg7 13. Re1 Nf6 14. Bb4 e6
15. Nd2 Nbd7 16. Nc4 Ne4 17. f3 Bd4+ 18. Kh1 Nf2+ 19. Kg1 Nd3+ 20. Kf1 Nxb4 21.
Nd6+ Ke7 22. Nxb7 Nxc2 23. Rc1 Bd3# 0-1

[Event "AUTO-OPEN-4635"]
[Site "http://www.queenalice.com/game.php?id=1868302"]
[Date "2026.1.21"]
[Round "1"]
[White "Takeda"]
[Black "Castling"]
[Result "1-0"]
[WhiteElo "2167"]
[BlackElo "1739"]

1. e4 e5 2. Nf3 d6 3. h3 h6 4. Nc3 a6 5. d4 Nc6 6. dxe5 Nxe5 7. Nxe5 dxe5 8.
Qxd8+ Kxd8 9. Bd2 Bd6 10. O-O-O Nf6 11. f4 exf4 12. Bxf4 Ke7 13. e5 Bb4 14.
exf6+ Kxf6 15. Nd5+ Kg6 16. Nxb4 c5 17. Bd3+ Bf5 18. g4 Bxd3 19. Nxd3 c4 20.
Ne5+ Kf6 21. Rhe1 Rhe8 22. Nxc4 g5 23. Be5+ Kg6 24. Rd6+ Kh7 25. Rd7 Kg8 26. Bc3
Rxe1+ 27. Bxe1 b5 28. Nd6 f6 29. Bc3 Rf8 30. Nf5 Rf7 31. Nxh6+ Kg7 32. Nxf7 1-0

[Event "AUTO-OPEN-4635"]
[Site "http://www.queenalice.com/game.php?id=1868303"]
[Date "2026.1.21"]
[Round "1"]
[White "Castling"]
[Black "Takeda"]
[Result "0-1"]
[WhiteElo "1736"]
[BlackElo "2118"]

1. e4 g6 2. d4 Bg7 3. Nf3 d6 4. h3 Nf6 5. Nc3 O-O 6. Be3 Nbd7 7. Bd3 a6 8. Qd2
c5 9. d5 b5 10. O-O-O c4 11. Be2 b4 12. Nb1 c3 13. Qd3 cxb2+ 14. Kd2 Qa5 15. a3
bxa3+ 16. Qc3 Nxe4+ 0-1